000
00207 a2200097 4500
001
3021
100
_a
Bobbs, E.R.
245
_a
Basic Electromagnetism
260
_a
_b
Chapman & Hall
_c
090
_c
2306
_d
2306
942
_a
NUST-CAE
_c
M
_c
14514
999
_c
238094
_d
238094